Statistics for something in the orange lyrics

Click here to take the quiz!

General Stats

  • This quiz has been taken 105 times
  • The average score is 202 of 265

Answer Stats

Answer% Correct
i
100%
be
91%
im
91%
the
91%
a
89%
and
89%
by
88%
do
86%
fine
86%
it'll
86%
you
86%
your
86%
baby
84%
in
84%
orange
84%
something
84%
all
82%
at
82%
dusk
82%
head
82%
know
82%
no
82%
telling
82%
things
82%
where
82%
am
80%
crazy
80%
dont
80%
drive
80%
if
80%
me
80%
mind
80%
to
80%
when
80%
eat
79%
just
79%
man
79%
my
79%
tells
79%
these
79%
young
79%
but
77%
collar
77%
damned
77%
done
77%
hell
77%
not
77%
youre
77%
bones
75%
go
75%
jaw
75%
much
75%
theres
75%
we're
75%
between
73%
place
73%
supposed
73%
that
73%
see
71%
weight
71%
sun
70%
miss
68%
again
66%
light
66%
myself
66%
say
66%
try
64%
wont
64%
coming
63%
home
63%
never
61%
around
59%
headlights
59%
hate
57%
mornings
57%
night
57%
please
57%
those
57%
turn
57%
hear
55%
from
54%
how
54%
way
54%
dancing
52%
eyes
52%
grass
52%
need
52%
poisoned
52%
speak
52%
trees
52%
been
50%
cause
50%
dew
50%
voice
50%
youve
50%
ill
48%
leave
48%
stare
48%
touches
48%
us
48%
waitin'
48%
only
46%
today
46%
wood
46%
take
45%
trembles
45%
used
45%
back
43%
creak
41%
this
41%
bulb
39%

Score Distribution

Percentile by Number Answered

Percent of People with Each Score

Your Score History

You have not taken this quiz